000
00269nam a2200121Ia 4500
008
190216s9999||||xx |||||||||||||| ||und||
100
_a
Rowge A L
245
4
_a
The Use Of History
260
_b
Hodder Ans Stoughton
300
_a
247
650
_a
History
942
_c
BK
999
_c
20502
_d
20502